[Event "25. Off. Württembergische Seniorenmst."]
[Site "Freudenstadt"]
[Date "2013.07.06"]
[Round "9.9"]
[White "Frank, Werner"]
[Black "Lainburg, Viktor"]
[Result "0-1"]
[WhiteElo "1831"]
[BlackElo "1984"]
[PlyCount "64"]
[EventDate "2013.??.??"]
[WhiteTeam "SG Schwäbisch Gmünd 1872 e.V"]
[BlackTeam "SC Weisse Dame Ulm e.V."]

1. d4 Nf6 2. Nf3 c5 3. d5 b5 4. Bg5 d6 5. Bxf6 exf6 6. e4 a6 7. a4 b4 8. Nbd2
f5 9. Bd3 Qf6 10. O-O Ra7 11. Re1 Re7 12. Nc4 fxe4 13. Bxe4 g6 14. Qd2 Bg7 15.
Qg5 Kd7 16. Qg3 Kc7 17. c3 bxc3 18. bxc3 Bh6 19. Nfd2 Rhe8 20. Rab1 Qf4 21.
Nxd6 Qxd6 22. Qxd6+ Kxd6 23. Nc4+ Kd7 24. f3 f5 25. Rxb8 fxe4 26. Reb1 e3 27.
Kf1 e2+ 28. Ke1 Bf4 29. Nb6+ Kc7 30. Nxc8 Rxc8 31. R1b7+ Kd6 32. Rb6+ Kxd5 0-1

[Event "25. Off. Württembergische Seniorenmst."]
[Site "Freudenstadt"]
[Date "2013.07.06"]
[Round "9.10"]
[White "Schmid, Eugen"]
[Black "Fassmann, Kurt"]
[Result "1-0"]
[WhiteElo "1942"]
[BlackElo "1867"]
[PlyCount "120"]
[EventDate "2013.??.??"]
[WhiteTeam "SV Herrenberg e.V."]
[BlackTeam "TuS Mehlmeisel"]

1. d4 Nf6 2. Nf3 d5 3. c4 c6 4. Qc2 g6 5. Bf4 Bg7 6. e3 Bf5 7. Qb3 b6 8. Nc3
O-O 9. Be2 e6 10. O-O h6 11. Rac1 g5 12. Bxb8 Rxb8 13. Ne5 Rc8 14. cxd5 Nxd5
15. Nxd5 Bxe5 16. Nb4 c5 17. dxe5 cxb4 18. Qxb4 Qd5 19. Bc4 Qxe5 20. Ba6 Rxc1
21. Rxc1 Be4 22. h3 Bd5 23. a3 Kg7 24. Rd1 f6 25. Rd4 Rf7 26. e4 Bb7 27. Bxb7
Rxb7 28. Rd8 Rf7 29. g3 h5 30. Qa4 b5 31. Qb4 h4 32. g4 a5 33. Qxa5 Qxe4 34.
Qxb5 Qe1+ 35. Kg2 Qe4+ 36. Kh2 Qf4+ 37. Kg1 Qc1+ 38. Kg2 Qc2 39. Rd4 e5 40. Rc4
Qb1 41. Rb4 Rc7 42. Qd5 Qc2 43. Qe4 Qd2 44. Rb8 Qd7 45. Qa8 Qe6 46. Qe4 Qd7 47.
Rb4 Qe6 48. a4 Qa6 49. b3 Qa7 50. Rb5 Kh6 51. Rb4 Rd7 52. Qf3 Kg7 53. Rb5 Qd4
54. Rb7 Rxb7 55. Qxb7+ Kg6 56. a5 e4 57. Qb6 Qc3 58. a6 Qf3+ 59. Kg1 Qxh3 60.
Qe3 Qxg4+ {Rest unvollständig} 1-0

[Event "25. Off. Württembergische Seniorenmst."]
[Site "Freudenstadt"]
[Date "2013.07.06"]
[Round "9.11"]
[White "Helbig, Dieter"]
[Black "Cichy, Michael"]
[Result "1-0"]
[WhiteElo "1799"]
[BlackElo "1934"]
[PlyCount "111"]
[EventDate "2013.??.??"]
[WhiteTeam "SK Weilheim"]
[BlackTeam "SC Braunschweig Gliesmarode v. 1"]

1. c4 c5 2. Nc3 e6 3. Nf3 Be7 4. d4 cxd4 5. Nxd4 Nf6 6. g3 a6 7. Bg2 O-O 8. O-O
Qc7 9. Qd3 Nc6 10. Nxc6 bxc6 11. b3 d5 12. cxd5 cxd5 13. Bb2 Bb7 14. Na4 Rac8
15. Rac1 Qd6 16. Qe3 Rxc1 17. Rxc1 Rc8 18. Rxc8+ Bxc8 19. Qc3 Bb7 20. a3 Qc6
21. e3 Qxc3 22. Nxc3 Nd7 23. b4 Nb6 24. Ne2 Nc4 25. Bc1 Kf8 26. Kf1 Ke8 27. Nd4
Kd7 28. Ke2 e5 29. Bh3+ Kc7 30. Nb3 Bc6 31. Bg2 Bb5 32. Ke1 e4 33. f3 f5 34.
Nd4 g6 35. Ne6+ Kd7 36. Nd4 Bf6 37. fxe4 dxe4 38. Bf1 Bxd4 39. exd4 Kc6 40. a4
Kd5 41. axb5 axb5 42. Bh6 Kxd4 43. Bg7+ Kd5 44. Be2 Nd6 45. Kd2 Nc4+ 46. Kc3
Nd6 47. Bh6 Nf7 48. Be3 Ne5 49. Bxb5 Ng4 50. Bc4+ Kc6 51. b5+ Kb7 52. Bg1 Ne5
53. Bd5+ Kb8 54. h3 Nf3 55. Be3 g5 56. Be6 1-0

[Event "25. Off. Württembergische Seniorenmst."]
[Site "Freudenstadt"]
[Date "2013.07.06"]
[Round "9.12"]
[White "Streiter, Manfred"]
[Black "Foltas, Hermann"]
[Result "1/2-1/2"]
[WhiteElo "1796"]
[BlackElo "1913"]
[PlyCount "25"]
[EventDate "2013.??.??"]
[WhiteTeam "TSV Schönaich"]
[BlackTeam "SK Siemens München"]

1. d4 Nf6 2. Nf3 d5 3. g3 b6 4. Bg2 e6 5. c4 Bb4+ 6. Bd2 Bxd2+ 7. Nbxd2 O-O 8.
O-O Bb7 9. Qc2 Nbd7 10. cxd5 exd5 11. Rac1 c5 12. e3 Rc8 13. Qa4 1/2-1/2

[Event "25. Off. Württembergische Seniorenmst."]
[Site "Freudenstadt"]
[Date "2013.07.06"]
[Round "9.13"]
[White "Just, Joachim"]
[Black "Schmidt, Heinrich"]
[Result "1/2-1/2"]
[WhiteElo "1903"]
[BlackElo "1785"]
[PlyCount "49"]
[EventDate "2013.??.??"]
[WhiteTeam "SV Motor Zeitz"]
[BlackTeam "SV Nagold"]

1. d4 Nf6 2. Nf3 g6 3. c4 Bg7 4. Nc3 O-O 5. e4 d6 6. Be2 e5 7. dxe5 dxe5 8.
Qxd8 Rxd8 9. Bg5 Re8 10. Nd5 Nxd5 11. cxd5 c6 12. Bc4 cxd5 13. Bxd5 Nd7 14. O-O
Nf6 15. Bxf6 Bxf6 16. Rac1 Rb8 17. Rc7 Be6 18. Bxe6 Rxe6 19. Rfc1 Rd6 20. h4
Bd8 21. Rc8 Rxc8 22. Rxc8 f6 23. Kf1 Kf7 24. Ke2 Ke7 25. Rc2 1/2-1/2

[Event "25. Off. Württembergische Seniorenmst."]
[Site "Freudenstadt"]
[Date "2013.07.06"]
[Round "9.14"]
[White "Engbrecht, Helmut"]
[Black "Seibel, Wilhelm"]
[Result "1-0"]
[WhiteElo "1899"]
[BlackElo "1685"]
[PlyCount "83"]
[EventDate "2013.??.??"]
[WhiteTeam "SV Schorndorf"]
[BlackTeam "DJK Stuttgart-Süd"]

1. f4 d5 2. Nf3 Nc6 3. e3 Bg4 4. Bb5 Qd6 5. h3 Bxf3 6. Qxf3 e6 7. O-O O-O-O 8.
d4 f5 9. b3 Nf6 10. Ba3 Qd7 11. Bxf8 Rdxf8 12. Nd2 Ne4 13. Nxe4 fxe4 14. Qe2
Qd6 15. Bxc6 Qxc6 16. c4 Qd7 17. Qc2 Qe7 18. Rac1 Rf7 19. g4 Qh4 20. Qg2 Kb8
21. Rf2 Qd8 22. Rcf1 Rhf8 23. b4 c6 24. c5 g5 25. fxg5 Rxf2 26. Rxf2 a5 27. a3
Rxf2 28. Qxf2 Qxg5 29. Qg3+ Ka7 30. h4 Qg6 31. Qf4 Ka6 32. h5 Qg8 33. Kh2 axb4
34. axb4 Kb5 35. g5 Kxb4 36. Qf6 Kc3 37. g6 Qb8+ 38. Kg2 hxg6 39. hxg6 Qa8 40.
g7 Qa2+ 41. Qf2 Qa8 42. Qf8 1-0

[Event "25. Off. Württembergische Seniorenmst."]
[Site "Freudenstadt"]
[Date "2013.07.06"]
[Round "9.15"]
[White "Gunnarsson, Leif"]
[Black "Hinz, Ekkehard"]
[Result "1/2-1/2"]
[WhiteElo "1785"]
[BlackElo "1881"]
[PlyCount "63"]
[EventDate "2013.??.??"]
[WhiteTeam "Kristallens Schackklubb"]
[BlackTeam "vereinslos"]

1. e4 d6 2. d4 Nf6 3. Nc3 e5 4. dxe5 dxe5 5. Qxd8+ Kxd8 6. Bg5 c6 7. O-O-O+
Nbd7 8. f4 Kc7 9. Bxf6 gxf6 10. f5 h5 11. Bc4 Rh7 12. Nf3 Bb4 13. Rd3 b5 14.
Bxb5 Nc5 15. Re3 Kb6 16. Bd3 Bxc3 17. bxc3 Na4 18. Kd2 Kc5 19. Rb1 a5 20. Ne1
Ba6 21. Rh3 Rd8 22. Rb3 Bc4 23. Ra3 Nb2 24. Ke2 a4 25. Bxc4 Rd2+ 26. Kf1 Kxc4
27. Nd3 Nxd3 28. cxd3+ Kb5 29. Rg3 Rh8 30. Ke1 Rc2 31. Kd1 Rf2 32. Ke1 1/2-1/2

[Event "25. Off. Württembergische Seniorenmst."]
[Site "Freudenstadt"]
[Date "2013.07.06"]
[Round "9.16"]
[White "Smits, Oswald"]
[Black "Gassenmann, Karlheinz"]
[Result "0-1"]
[WhiteElo "1666"]
[BlackElo "1857"]
[PlyCount "62"]
[EventDate "2013.??.??"]
[WhiteTeam "Sfr. Taunus Königstein/Schwalbac"]
[BlackTeam "SF Schwarz-Weiß Merzhausen"]

1. d4 d5 2. Nf3 Nf6 3. e3 e6 4. Bd3 c5 5. c3 Nc6 6. Nbd2 cxd4 7. exd4 Bd6 8.
O-O O-O 9. Re1 Qc7 10. Nf1 h6 11. h3 Re8 12. Qc2 Bd7 13. Bd2 b5 14. a3 a6 15.
Qd1 e5 16. dxe5 Nxe5 17. Nxe5 Bxe5 18. Rc1 Bc6 19. Qc2 Ne4 20. Bxe4 dxe4 21.
Ne3 Rad8 22. Rcd1 Rd3 23. Ng4 Bd6 24. Qc1 f5 25. Ne3 Qf7 26. Nf1 f4 27. Qb1 f3
28. g3 Qh5 29. Qxd3 exd3 30. Rxe8+ Bxe8 31. h4 g5 0-1

[Event "25. Off. Württembergische Seniorenmst."]
[Site "Freudenstadt"]
[Date "2013.07.06"]
[Round "9.17"]
[White "Schmieder, Siegfried"]
[Black "Kreie, Guenter"]
[Result "1-0"]
[WhiteElo "1931"]
[BlackElo "1751"]
[PlyCount "35"]
[EventDate "2013.??.??"]
[WhiteTeam "SG Schwäbisch Gmünd 1872 e.V"]
[BlackTeam "Turn- u. SpV Eichholz-Re"]

1. e4 e5 2. f4 exf4 3. Nf3 d5 4. exd5 Qxd5 5. Nc3 Qe6+ 6. Be2 c6 7. O-O Be7 8.
d4 Nf6 9. Bxf4 h6 10. Ne5 O-O 11. Bc4 Nd5 12. Qf3 Rd8 13. Rae1 Bb4 14. Nxc6
Qxc6 15. Bxd5 Qf6 16. Bxb7 Bxb7 17. Qxb7 Qc6 18. Qxb4 1-0

[Event "25. Off. Württembergische Seniorenmst."]
[Site "Freudenstadt"]
[Date "2013.07.06"]
[Round "9.18"]
[White "Hallmann, Eberhard"]
[Black "Kotlar, Alfred"]
[Result "0-1"]
[WhiteElo "1785"]
[BlackElo "1915"]
[PlyCount "138"]
[EventDate "2013.??.??"]
[WhiteTeam "TSV Grafenberg"]
[BlackTeam "SK Recklinghausen Altsta"]

1. e4 g6 2. d4 Bg7 3. c3 d6 4. h3 a6 5. Bd3 b5 6. Be3 Nd7 7. Nf3 c5 8. Nbd2 Bb7
9. O-O Ngf6 10. Qe2 O-O 11. Nh2 e5 12. f4 c4 13. Bc2 Qe7 14. f5 exd4 15. Bxd4
Rfe8 16. Rae1 Ne5 17. g4 Nfd7 18. Qe3 f6 19. Nhf3 g5 20. Bxe5 dxe5 21. h4 h6
22. hxg5 fxg5 23. Kg2 Rad8 24. Rd1 Nf6 25. Kg3 Rd6 26. Nb1 Red8 27. Rxd6 Rxd6
28. Rf2 Nd7 29. Rd2 Bf8 30. Rxd6 Qxd6 31. Nbd2 Kf7 32. Nf1 Qc6 33. Kh3 Qc5 34.
Qxc5 Bxc5 35. Kg3 Kf6 36. N3d2 Bb6 37. Kf3 Bc5 38. a3 Bc6 39. Ne3 Nb6 40. Ndf1
Bf8 41. Nd2 Bc5 42. Ke2 Ke7 43. Kf3 Kd6 44. Ke2 Be8 45. Nf3 Bf7 46. Kd2 Nd7 47.
Ke2 Nf6 48. Nh2 Be8 49. Nhf1 h5 50. gxh5 Bxh5+ 51. Kd2 Bf3 52. Ng3 Kc6 53. a4
Bb6 54. axb5+ axb5 55. Bb1 Bc5 56. Bc2 Bf8 57. Ke1 Bh6 58. Kf2 g4 59. Bb1 Kc5
60. Bc2 Bg5 61. Bb1 Bh4 62. Nef1 Bxe4 63. Bxe4 Nxe4+ 64. Kg2 Nf6 65. Ne3 Bg5
66. Nd1 Bf4 67. Ne2 Kd5 68. Nf2 Kd6 69. Kf1 Ke7 {Rest unvollständig} 0-1

[Event "25. Off. Württembergische Seniorenmst."]
[Site "Freudenstadt"]
[Date "2013.07.06"]
[Round "9.19"]
[White "Juergens, Peter"]
[Black "Sukatsch, Manfred"]
[Result "0-1"]
[WhiteElo "1867"]
[BlackElo "1757"]
[PlyCount "96"]
[EventDate "2013.??.??"]
[WhiteTeam "SC Tempo Göttingen"]
[BlackTeam "TSV Schönaich"]

1. d4 Nf6 2. Nf3 d5 3. Bf4 Nbd7 4. e3 g6 5. h3 Bg7 6. Be2 O-O 7. O-O Re8 8. c3
Ne4 9. Nbd2 Ndf6 10. Qb3 c6 11. Rad1 b5 12. a4 a6 13. axb5 axb5 14. Ra1 Nxd2
15. Nxd2 Bd7 16. Ra2 Rxa2 17. Qxa2 h6 18. Ra1 Qc8 19. Kh2 g5 20. Bg3 g4 21.
hxg4 Bxg4 22. Bxg4 Qxg4 23. Nf3 Ne4 24. Qa6 Qe6 25. Qb7 Qc8 26. Qxc8 Rxc8 27.
Bh4 f6 28. Ra7 Kf7 29. Kg1 Nd6 30. Kf1 Nc4 31. b3 Nd6 32. b4 Ne4 33. Ra3 Kg6
34. Ke2 Kh5 35. g3 Rc7 36. Ne1 Nd6 37. f3 e5 38. Ng2 f5 39. dxe5 Bxe5 40. Nf4+
Bxf4 41. exf4 Nc4 42. Ra6 Rc8 43. Kd3 Nb2+ 44. Kd4 Na4 45. Be7 Re8 46. Bf6 Re6
47. Bh4 Kg6 48. Bd8 c5+ 0-1

[Event "25. Off. Württembergische Seniorenmst."]
[Site "Freudenstadt"]
[Date "2013.07.06"]
[Round "9.20"]
[White "Schulz, Eugen"]
[Black "Macher, Claus"]
[Result "0-1"]
[WhiteElo "1604"]
[BlackElo "1834"]
[PlyCount "38"]
[EventDate "2013.??.??"]
[WhiteTeam "SV Bottrop 1921"]
[BlackTeam "SF Ammerbuch"]

1. Nc3 c5 2. e4 Nc6 3. d3 g6 4. g3 Bg7 5. Be3 d6 6. Qd2 a6 7. Bg2 e6 8. f4 Qc7
9. Nge2 b5 10. a3 Bb7 11. O-O Nd4 12. Rae1 Ne7 13. Nd1 h5 14. c3 Nxe2+ 15. Qxe2
O-O 16. Bd2 Rae8 17. g4 hxg4 18. Qxg4 f5 19. Ne3 fxg4 0-1

[Event "25. Off. Württembergische Seniorenmst."]
[Site "Freudenstadt"]
[Date "2013.07.06"]
[Round "9.40"]
[White "Payen, Gerard"]
[Black "Fiedler, Joachim"]
[Result "1/2-1/2"]
[WhiteElo "1672"]
[BlackElo "1430"]
[PlyCount "56"]
[EventDate "2013.??.??"]
[WhiteTeam "Paris"]
[BlackTeam "USV TU Dresden"]

1. e4 d5 2. exd5 Qxd5 3. Nc3 Qa5 4. d4 Nf6 5. Bd2 Qb6 6. d5 a6 7. Be2 c6 8. Bf3
Nxd5 9. Nxd5 cxd5 10. Bxd5 e6 11. Bb3 Nc6 12. Nf3 Be7 13. Bc3 Bb4 14. Bxb4
Qxb4+ 15. c3 Qe7 16. O-O Bd7 17. Re1 Rd8 18. Qe2 Na5 19. Bc2 Bb5 20. Qe5 Qf6
21. b3 b6 22. Rad1 Qxe5 23. Rxd8+ Kxd8 24. Nxe5 Ke7 25. Rd1 f6 26. Nf3 Be2 27.
Rd2 Bxf3 28. gxf3 g6 1/2-1/2